• 首页
  • 本馆介绍
  • 公告通知
  • 最新文献
  • 馆藏检索
  • 电子资源
  • 读者导购
  • 参考咨询
  • 我的图书馆
  • 登录
  • 详细信息显示
  • 放入我的书架
  • 预约/预借图书
  • 作者相关作品
  • 分类相关作品
  • 丛书相关作品
  • 出版社相关作品

书目信息

  • 表格格式
  • 工作单格式
  • 卡片格式
题名:
园林植物识别与造景基础攻略
    
 
作者: 徐一斐 著
分册:  
出版信息: 长春   吉林美术出版社  2021.3
页数: 239页
开本: 24cm
丛书名:
单 册:
中图分类: S688 , TU986.2
科图分类:
主题词: 园林植物--识别 , 园林植物--园林设计
电子资源:
ISBN: 978-7-5575-5728-7
000 01002nam0 2200253 45
001 012001001063
005 20140912151037.0
010    @a978-7-5575-5728-7@dCNY68.00
100    @a20210602d2021 em y0chiy50 ea
101 0  @achi
102    @aCN@b220000
105    @aa z 000yy
106    @ar
200 1  @a园林植物识别与造景基础攻略@Ayuan lin zhi wu shi bie yu zao jing ji chu gong lue@b专著@f徐一斐著
210    @a长春@c吉林美术出版社@d2021.3
215    @a239页@c图,照片@d24cm
330    @a本书精选了上百种常见的园林植物,每种植物都介绍了中文名、形态特征、拉丁学名、科属、识别要点、产地分布、习性以及园林应用,同时本书还通过分析常见园林的植物配置以及园林植物造景方法与实例,探讨了园林植物造景的实用攻略。全书分为园林植物的形态分类、园林植物造景基础、木本植物等共八章。
606 0  @a园林植物@x识别
606 0  @a园林植物@x园林设计
690    @aS688@v5
690    @aTU986.2@v5
701  0 @a徐一斐@Axu yi fei@f(1979-)@4著
801  0 @aCN@bBJSDL@c20211011
905    @b1332896-9@dS688@e666@f4
    
    园林植物识别与造景基础攻略/徐一斐著.-长春:吉林美术出版社,2021.3
    239页:图,照片;24cm
    
    
    ISBN 978-7-5575-5728-7:CNY68.00
    本书精选了上百种常见的园林植物,每种植物都介绍了中文名、形态特征、拉丁学名、科属、识别要点、产地分布、习性以及园林应用,同时本书还通过分析常见园林的植物配置以及园林植物造景方法与实例,探讨了园林植物造景的实用攻略。全书分为园林植物的形态分类、园林植物造景基础、木本植物等共八章。
●
相关链接 在E读中查询图书 在五车中查询图书 在当当中查询图书 在豆瓣中查询图书


正题名:园林植物识别与造景基础攻略     索取号:S688/666         预约/预借

序号 登录号 条形码 馆藏地/架位号 状态 备注
1 1332896   213328969   第二样本阅览室/ [索取号:S688/666] 在馆    
2 1332897   213328978   第三借阅区/ [索取号:S688/666] 在馆    
3 1332898   213328987   第三借阅区/ [索取号:S688/666] 在馆    
4 1332899   213328996   第三借阅区/ [索取号:S688/666] 在馆    
唐山师范学院图书馆 欢迎您!
大连网信软件有限公司© 版权所有